书目信息 |
| 书名: | 747 CREATING THE WORLD'S FIRST JUMBO JET AND OTHER ADVENTURES FROM A LIFE IN AVIATION | |
| 作者: | JOE SUTTER | |
| 分册号: | ||
| 分册名: | 出版地: | America |
|
| 出版社: | Smithsonian books | |
| 出版时间: | 2006 | |
| 页数: | 272p | |
| 开本: | 24cm | |
| 丛书名: | ||
| 中图分类号: | ||
| 科图分类号: | ||
| 其他分类号: | V271.1 | |
| 主题词: | ||
| 电子资源: | ||
| 000 | 00450nam0 2200145 450 | |
| 001 | 202012000375 | |
| 005 | 20121107085344.0 | |
| 008 | 12101901s | |
| 020 | @a9780060882419@c$26.95 | |
| 099 | @dV271.1@eJ642 | |
| 245 | 10 | @a747 CREATING THE WORLD'S FIRST JUMBO JET AND OTHER ADVENTURES FROM A LIFE IN AVIATION@cJOE SUTTER |
| 260 | 0 | @aAmerica@bSmithsonian books @c2006 |
| 300 | @a272p@c24cm | |
| 905 | @b7536-8 | |
| 905 | @aTSG@dV271.1@eJ642 | |
| 747 CREATING THE WORLD'S FIRST JUMBO JET AND OTHER ADVENTURES FROM A LIFE IN AVIATION / JOE SUTTER.-America : Smithsonian books , 2006 |
| 272p ; 24cm |
| ISBN 9780060882419$26.95 |
| ● |
| 相关链接 |
|
|
|
正题名:747 CREATING THE WORLD'S FIRST JUMBO JET
索取号:V271.1/J642
 
预约/预借
| 序号 | 登录号 | 条形码 | 馆藏地/架位号 | 状态 | 备注 |
| 1 | 7536 | 300075362 | 自科库501/400A自科库 34排1列2层/ [索取号:V271.1/J642] | 在馆 | |
| 2 | 7537 | 300075371 | 自科库501/400A自科库 34排1列2层/ [索取号:V271.1/J642] | 在馆 | |
| 3 | 7538 | 300075380 | 自科库501/ [索取号:V271.1/J642] | 在馆 |